Advances in marine antifouling coatings and technologies / (Record no. 3340)
[ view plain ]
| 000 -LEADER | |
|---|---|
| fixed length control field | 06898cam a2200589 a 4500 |
| 006 - FIXED-LENGTH DATA ELEMENTS--ADDITIONAL MATERIAL CHARACTERISTICS--GENERAL INFORMATION | |
| fixed length control field | m o d |
| 007 - PHYSICAL DESCRIPTION FIXED FIELD--GENERAL INFORMATION | |
| fixed length control field | cr cn||||||||| |
| 008 - FIXED-LENGTH DATA ELEMENTS--GENERAL INFORMATION | |
| fixed length control field | 091012s2009 enkab ob 001 0 eng d |
| 015 ## - NATIONAL BIBLIOGRAPHY NUMBER | |
| National bibliography number | GBA975713 |
| Source | bnb |
| 020 ## - INTERNATIONAL STANDARD BOOK NUMBER | |
| International Standard Book Number | 9781601199997 |
| Qualifying information | (electronic bk.) |
| 020 ## - INTERNATIONAL STANDARD BOOK NUMBER | |
| International Standard Book Number | 1601199996 |
| Qualifying information | (electronic bk.) |
| 020 ## - INTERNATIONAL STANDARD BOOK NUMBER | |
| International Standard Book Number | 9781845696313 |
| Qualifying information | (electronic bk.) |
| 020 ## - INTERNATIONAL STANDARD BOOK NUMBER | |
| International Standard Book Number | 184569631X |
| Qualifying information | (electronic bk.) |
| 020 ## - INTERNATIONAL STANDARD BOOK NUMBER | |
| International Standard Book Number | 9781845693862 |
| 020 ## - INTERNATIONAL STANDARD BOOK NUMBER | |
| International Standard Book Number | 1845693868 |
| 020 ## - INTERNATIONAL STANDARD BOOK NUMBER | |
| International Standard Book Number | 9781420094909 |
| 020 ## - INTERNATIONAL STANDARD BOOK NUMBER | |
| International Standard Book Number | 1420094904 |
| 040 ## - CATALOGING SOURCE | |
| Original cataloging agency | IMU Kochi Library |
| Language of cataloging | eng |
| 041 0# - LANGUAGE CODE | |
| Language code of text/sound track or separate title | eng |
| 082 04 - DEWEY DECIMAL CLASSIFICATION NUMBER | |
| Classification number | 623.848 |
| Edition number | 22 |
| 245 00 - TITLE STATEMENT | |
| Title | Advances in marine antifouling coatings and technologies / |
| 260 ## - PUBLICATION, DISTRIBUTION, ETC. (IMPRINT) | |
| Place of publication, distribution, etc | Oxford : |
| Name of publisher, distributor, etc | Woodhead ; |
| Place of publication, distribution, etc | Boca Raton, FL : |
| Name of publisher, distributor, etc | CRC, |
| Date of publication, distribution, etc | 2009. |
| 300 ## - PHYSICAL DESCRIPTION | |
| Extent | 1 online resource (xx, 764 pages) : |
| Other physical details | illustrations, maps |
| 490 1# - SERIES STATEMENT | |
| Series statement | Woodhead publishing in materials |
| 504 ## - BIBLIOGRAPHY, ETC. NOTE | |
| Bibliography, etc | Includes bibliographical references and index. |
| 520 ## - SUMMARY, ETC. | |
| Summary, etc | Marine biofouling can be defined as the undesirable accumulation of microorganisms, algae and animals on structures submerged in seawater. From the dawn of navigation, marine biofouling has been a major problem for shipping in such areas as reduced speed, higher fuel consumption and increased corrosion. It also affects industries using off-shore structures such as oil and gas production and aquaculture. Growing concerns about the environmental impact of antifouling coatings has led to major new research to develop more environmentally-friendly alternatives. Advances in marine antifouling coatings and technologies summaries this wealth of research and its practical implications. This book is divided into four sub-sections which discuss: marine fouling organisms and their impact, testing and development of antifouling coatings, developments in chemically-active marine antifouling technologies, and new surface approaches to the control of marine biofouling. It provides an authoritative overview of the recent advances in understanding the biology of fouling organisms, the latest developments on antifouling screening techniques both in the field and in the laboratory, research on safer active compounds and the progress on nontoxic coatings with tailor-made surface properties. With its distinguished editors and international team of contributors, Advances in marine antifouling coatings and technologies is a standard reference for manufacturers of marine antifouling solutions, the shipping industry, oil and gas producers, aquaculture and other industries using offshore structures, and academics researching this important area. Assesses marine antifouling organisms and their impact, including a historical review and directions for future researchDiscusses developments in antifouling coatings examining chemically-active and new surface approachesReviews the environmentally friendly alternative of safer active compounds and the progress of non-toxic compounds. |
| 505 0# - FORMATTED CONTENTS NOTE | |
| Formatted contents note | Machine generated contents note: 1. Introduction / C. Hellio / D.M. Yebra -- 2. The battle against marine biofouling : a historical review / G. Jones -- 3. Surface colonisation by marine organisms and its impact on antifouling research / N. Aldred / A.S. Clare -- 4. Algae as marine fouling organisms : adhesion damage and prevention / C. Hellio / M. Thabard / K. Lebret -- 5. Bacterial adhesion and marine fouling / T. Harder / L.H. Yee -- 6. Understanding the biofouling of offshore and deep-sea structures / R. Coutinho / M. Apolinario -- 7. The effects of corrosion and fouling on the performance of ocean-going vessels : a naval architectural perspective / T. Munk / D. Kane / D.M. Yebra -- 8. The impact and control of biofouling in marine finfish aquaculture / J. Guenther / R. de Nys -- 9. Expected effect of climate change on fouling communities and its impact on antifouling research / S. Dobretsov -- 10. Legislation affecting antifouling products / C. Ankjaergaard / M. Pereira |
| 505 0# - FORMATTED CONTENTS NOTE | |
| Formatted contents note | Note continued: 11. Developing new marine antifouling substances : learning from the pharmaceutical industry / L. Martensson -- 12. Laboratory bioassays for screening marine antifouling compounds / H.-U. Dahms / C. Hellio -- 13. Key issues in the formulation of marine antifouling paints / C.E. Weinell / D.M. Yebra -- 14. Modelling the design and optimization of chemically active marine antifouling coatings / S. Kiil / D.M. Yebra -- 15. High throughput methods for the design of fouling control coatings / S.J. Stafslien / D.C. Webster / B.J. Chisholm -- 16. Ageing tests and long-term performance of marine antifouling coatings / A. Sanchez / D.M. Yebra -- 17. Testing the impact of biofilms on the performance of marine antifouling coatings / D. Howell -- 18. Tin-free self-polishing marine antifouling coatings / K. Rehel / I. Linossier / A. Margaillan / C. Bressy / F. Fay -- 19. The use of copper as a biocide in marine antifouling paints / M. Waldock / S. Brooks |
| 505 0# - FORMATTED CONTENTS NOTE | |
| Formatted contents note | Note continued: 20. The use of broad-spectrum organic biocides in marine antifouling paints / K. Thomas -- 21.Organic alternatives to copper in the control of marine biofouling / G. Blustein / M.C. Perez / M.E. Stupak / M. Garcia / L. Martensson Lindblad -- 22. Natural marine products with antifouling activities / A.S. Clarke / R.C. Pereira / B.A.P. Da Gama / J.-P. Marechal / C. Hellio -- 23. Enzyme-based solutions for marine antifouling coatings / K. Dam-Johansen / M.H. Hermann / S.M. Olsen / L.T. Pedersen -- 24. Advanced nanostructured surfaces for the control of marine biofouling : the AMBIO project / J.A. Callow / M.E. Callow -- 25. Surface modification approaches to control marine biofouling / A.J. Scarding -- 26. Fouling control coatings using low surface energy, foul release technology / R.L. Townsin / C.D. Anderson -- 27. Non-silicone biocide-free antifouling solutions / J.A. Lewis -- 28. Trends in marine biofouling research / D. Rittschof. |
| 650 #0 - SUBJECT ADDED ENTRY--TOPICAL TERM | |
| Topical term or geographic name as entry element | Paint, Antifouling. |
| 650 #0 - SUBJECT ADDED ENTRY--TOPICAL TERM | |
| Topical term or geographic name as entry element | Protective coatings. |
| 650 #0 - SUBJECT ADDED ENTRY--TOPICAL TERM | |
| Topical term or geographic name as entry element | Protective coverings. |
| 650 #6 - SUBJECT ADDED ENTRY--TOPICAL TERM | |
| Topical term or geographic name as entry element | Peinture antisalissure. |
| 650 #6 - SUBJECT ADDED ENTRY--TOPICAL TERM | |
| Topical term or geographic name as entry element | Rev�etements protecteurs. |
| 650 #7 - SUBJECT ADDED ENTRY--TOPICAL TERM | |
| Topical term or geographic name as entry element | antifouling paint. |
| Source of heading or term | aat |
| 650 #7 - SUBJECT ADDED ENTRY--TOPICAL TERM | |
| Topical term or geographic name as entry element | protective coating. |
| Source of heading or term | aat |
| 650 #7 - SUBJECT ADDED ENTRY--TOPICAL TERM | |
| Topical term or geographic name as entry element | TECHNOLOGY & ENGINEERING |
| General subdivision | Military Science. |
| Source of heading or term | bisacsh |
| 650 #7 - SUBJECT ADDED ENTRY--TOPICAL TERM | |
| Topical term or geographic name as entry element | Protective coverings. |
| Source of heading or term | fast |
| 650 #7 - SUBJECT ADDED ENTRY--TOPICAL TERM | |
| Topical term or geographic name as entry element | Paint, Antifouling. |
| Source of heading or term | fast |
| 650 #7 - SUBJECT ADDED ENTRY--TOPICAL TERM | |
| Topical term or geographic name as entry element | Protective coatings. |
| Source of heading or term | fast |
| 700 1# - ADDED ENTRY--PERSONAL NAME | |
| Personal name | Hellio, Claire. |
| 700 1# - ADDED ENTRY--PERSONAL NAME | |
| Personal name | Yebra, Diego. |
| 830 #0 - SERIES ADDED ENTRY--UNIFORM TITLE | |
| Uniform title | Woodhead Publishing in materials. |
| 852 ## - LOCATION/CALL NUMBER | |
| Location | IMU Kochi Library |
| 856 ## - ELECTRONIC LOCATION AND ACCESS | |
| Uniform Resource Identifier | <a href="https://www.sciencedirect.com/science/book/9781845693862">https://www.sciencedirect.com/science/book/9781845693862</a> |
| 904 ## - LOCAL DATA ELEMENT D, LDD (RLIN) | |
| CATALOGER | Rudra Ranjan |
| 905 ## - LOCAL DATA ELEMENT E, LDE (RLIN) | |
| VERIFIER | Rudra Ranjan |
| 942 ## - ADDED ENTRY ELEMENTS (KOHA) | |
| Item type | E-Book |
| 338 ## - | |
| -- | online resource |
| 650 #6 - SUBJECT ADDED ENTRY--TOPICAL TERM | |
| -- | (CaQQLa)201-0059707 |
| 650 #6 - SUBJECT ADDED ENTRY--TOPICAL TERM | |
| -- | (CaQQLa)201-0002936 |
| 650 #7 - SUBJECT ADDED ENTRY--TOPICAL TERM | |
| -- | (CStmoGRI)aat300015075 |
| 650 #7 - SUBJECT ADDED ENTRY--TOPICAL TERM | |
| -- | (CStmoGRI)aat300224445 |
| 650 #7 - SUBJECT ADDED ENTRY--TOPICAL TERM | |
| -- | (OCoLC)fst01079659 |
| 650 #7 - SUBJECT ADDED ENTRY--TOPICAL TERM | |
| -- | (OCoLC)fst01050490 |
| 650 #7 - SUBJECT ADDED ENTRY--TOPICAL TERM | |
| -- | (OCoLC)fst01079644 |
No items available.